| 000 | 00363nam a2200145Ia 4500 | ||
|---|---|---|---|
| 999 |
_c18368 _d18368 |
||
| 082 | _aTG.0059 | ||
| 100 | _aGandhi, Prabhavati | ||
| 245 | 0 | _aPrem Chand ke purush patron ka samajshastriya anushilan | |
| 260 |
_c1983 _bVikram University |
||
| 300 | _a445 | ||
| 650 | _aMen in literature | ||
| 650 | _aPremchand | ||
| 710 | _aJalaj, Jai Kumar | ||
| 942 |
_cTH _2ddc |
||